Historia de la Nación Argentina. desde los orígenes hasta la organización definitiva en 1862 / Vol. IV . Segunda sección :

Guardado en:
Otros Autores: Canter, Juan., Echagüe, Juan Pablo., Noel, Martín S., Probst, Juan., Salvadores, Antonino., Orgaz, Raúl A., Garzón Maceda, Félix., Furlong Cardiff, Guillermo S.J., Monferini, Juan M., Beverina, Juan., Fassolino, Monseñor Nicolás., Greñón, Pedro S. J.
Formato: Libro
Idioma:Spanish
Publicado: Buenos Aires : El Ateneo, 1961.
Edición:3a. ed.
Materias:
Etiquetas: Agregar Etiqueta
Sin Etiquetas, Sea el primero en etiquetar este registro!
LEADER 01098nam a2200301 a 4500
001 DER.der015533
008 251117s1961####ag#abcogr#####001#0#spa##
005 20251117190349.0
245 0 0 |a Historia de la Nación Argentina.  |n Vol. IV . Segunda sección :  |b desde los orígenes hasta la organización definitiva en 1862 /  |c producida por Academia Nacional de la Historia. 
250 |a 3a. ed. 
260 a B |a Buenos Aires :  |b El Ateneo,  |c 1961. 
300 |a 344 p. 
505 0 |a El momento histórico del Virreinato del Río de la Plata 
700 1 |a Levene, Ricardo.,  |e dir. 
700 1 |a Canter, Juan. 
700 1 |a Echagüe, Juan Pablo. 
700 1 |a Noel, Martín S. 
700 1 |a Probst, Juan. 
700 1 |a Salvadores, Antonino. 
700 1 |a Orgaz, Raúl A. 
700 1 |a Garzón Maceda, Félix. 
700 1 |a Furlong Cardiff, Guillermo S.J. 
700 1 |a Monferini, Juan M. 
700 1 |a Beverina, Juan. 
700 1 |a Fassolino, Monseñor Nicolás. 
700 1 |a Greñón, Pedro S. J. 
650 7 |a HISTORIA ARGENTINA 
859 |a DERECHO  |b BIB. DERECHO  |h 982  |i ACA  |p 0010139  |v IV  |3 Vol IV. 2° sección